Responses for show #8270 - Friday, October 30, 2020

Contestants

[<< previous game]

Jon Posen, a speechwriter originally from New York, New York

Chris Shim, a medical student and Marine officer from Elk Grove, California

Carmela Chan, a biotech researcher from San Diego, California (whose 1-day cash winnings total $24,801)

[next game >>]

Jeopardy! Round responses

HAPPY HALLOWEEN!
ALL THAT JAZZ LINGO
2-WORD SCIENCE TERMS
DESCRIBING THE TV SHOW
HISTORIC BELLS
A VIRTUAL TOUR
    $200 3
hep

Triple Stumper
    $200 1
deoxyribonucleic acid

Chris
    $200 23
Better Call Saul

Carmela
    $200 6
the United Nations

Chris
    $200 16
Boston

Jon
    $400 4
a jam

Jon
    $400 2
meteor showers

Jon
    $400 22
Tiger King

Triple Stumper
    $1,200 21
(Chris: What is... Notre Dame?)

Big Ben

Chris
    $400 20
(Chris: What is the Enterprise?)
(Jon: Uh, what is the Endeavour?)

Discovery

ChrisJon
Triple Stumper
    $600 26
Dwayne "The Rock" Johnson

Chris
    $600 24
(Alex: Less than a minute.)

chops

Jon
    $600 9
fossil fuels

Chris
    $600 13
(Chris: What is Bosom Buddies?)

RuPaul's Drag Race

CarmelaChris
    $600 10
the Kremlin

Chris
    $600 19
Pompeii

Chris
    $800 27
candy corn

Carmela
    $800 25
scat

Carmela
    $800 7
the large intestine

Carmela
    $800 14
(Carmela: What is Enterprise?)

Star Trek: Picard

CarmelaChris
    $800 11
(Chris: What is Confucianism?)

Buddhism

Chris
Triple Stumper
    $800 18
(Jon: What is Richmond?)

Williamsburg

ChrisJon
    $1000 28
[The end-of-round signal sounds.]

Sleepy Hollow

Jon
    $1000 5
the jitterbug

Jon
    $1000 8
absolute zero

Chris
    $1000 15
The Mandalorian

Jon
    $1000 12
(Chris: What is Supreme Court Justice? [*].)
(Alex: Thank you very much for clarifying that.)

Chief Justice of the United States of America

Chris
    $1000 17
Machu Picchu

Jon

Scores at the first commercial break (after clue 15):

Carmela Chris Jon
$600 $3,000 $2,800

Scores at the end of the Jeopardy! Round:

Carmela Chris Jon
$2,400 $3,400 $4,400

Double Jeopardy! Round responses

FICTION
FAMOUS MARGARETS
MOVIE SEQUELS
DIFFER BY A LETTER
(Alex: We'll need two words.)
IF YOU LIVED HERE
BE HOME NOW
    $400 7
Nancy Drew

Carmela
    $400 14
The Terminator (Terminator 2)

Carmela
    $400 1
alpha & aloha

Carmela
    $400 17
Poland

Chris
    $400 24
a curfew

Carmela
    $800 8
The Day of the Jackal

Jon
    $800 13
the Incredibles (2)

Carmela
    $800 2
tripe & trite

Carmela
    $800 18
diamonds

Triple Stumper
    $800 23
an ankle

Carmela
    $1200 5
Anchorman 2

Chris
    $1200 3
contraption & contraction

Chris
    $1200 19
Angeleño

Jon
    $1200 22
(Alex: Less than a minute.)

shelter

Carmela
    $1600 9
Lady Chatterley's Lover

Jon
    $1600 11
(Margaret) Sanger

Jon
    $1600 4
The Hangover

Carmela
    $5,000 15
a café & a cave (tavern & cavern)

Carmela
    $4,000 20
(Jon: What is... where Papillon was?)

Devil's Island

Jon
    $1600 25
(Jon: Present required.)
(Chris: [*].)
...
(Alex: Both of you made the same mistake; you neglected to phrase your response in the form of a question.)
[The end-of-round signal sounds.]

signature required

ChrisJon
Triple Stumper
    $2000 10
The African Queen

Chris
    $2000 12
(Margaret) Mead

Carmela
    $2000 6
(Guillermo) del Toro

Jon
    $2000 16
dram & drum

Triple Stumper
    $2000 21
(Chris: Who is Keats?)
(Carmela: Who is Shelley?)
(Jon: Who is Tennyson?)

Lord Byron

CarmelaChrisJon
Triple Stumper

Scores at the end of the Double Jeopardy! Round:

Carmela Chris Jon
$14,200 $4,600 $4,000
(lock game)

[wagering suggestions for these scores]

Final Jeopardy! Round responses

PHRASES OF THE 1950s
JonWhat is the Red Scare?
$3,999
ChrisWhat is "Red Scare"
$4,599
CarmelaWhat is yellow journalism?
$1,800
Red Scare

Final scores:

Carmela Chris Jon
$12,400 $9,199 $7,999
2-day champion: $37,201 2nd place: $2,000 3rd place: $1,000

Game dynamics:

Coryat scores:

Carmela Chris Jon
$10,800 $5,800 $8,000
16 R
(including 1 DD),
2 W
14 R,
6 W
(including 1 DD)
13 R,
5 W
(including 1 DD)

Combined Coryat: $24,600

The J! Archive is created by fans, for fans. The Jeopardy! game show and all elements thereof, including but not limited to copyright and trademark thereto, are the property of Jeopardy Productions, Inc. and are protected under law. This website is not affiliated with, sponsored by, or operated by Jeopardy Productions, Inc. Join the discussion at JBoard.tv.